Statistics for Cleveland Cavaliers: All-Star Selections

Click here to take the quiz!

General Stats

  • This quiz has been taken 312 times
    (134 since last reset)
  • The average score is 10 of 20

Answer Stats

Amount of SelectionsPlayer% Correct
10LeBron James
100%
4Kyrie Irving
98%
2Kevin Love
95%
4Mark Price
79%
1Darius Garland
74%
2Donovan Mitchell
67%
1Mike Mitchell
67%
1Jarrett Allen
66%
2Zydrunas Ilgauskas
63%
5Brad Daugherty
53%
1Mo Williams
51%
2Larry Nance
49%
2John Johnson
26%
1Shawn Kemp
22%
1Austin Carr
20%
2Terrell Brandon
19%
1Campy Russell
11%
1Lenny Wilkens
8%
1Tyrone Hill
7%
1Butch Beard
5%

Score Distribution

Percentile by Number Answered

Percent of People with Each Score

Your Score History

You have not taken this quiz since the last reset